The geological structure of New Zealand /

Saved in:
Bibliografiske detaljer
Hovedforfatter: Kingma, Jacobus Theodorus
Format: Bog
Sprog:English
Udgivet: New York : Wiley, c1974.
Serier:Regional geology series
Fag:
LEADER 01106nam a2200313 a 4500
001 c000139914
003 CARM
005 00000000000000.0
008 740103s1974 nyua b 00110 eng
019 1 |a 516289  |z 21704996  |5 LACONCORD2021 
020 |a 0471479004 
035 |a (OCoLC)799726  |5 LACONCORD2021 
040 |d AMG 
043 |a u-nz--- 
050 0 0 |a QE348.2  |b .K56 1974 
100 1 |a Kingma, Jacobus Theodorus. 
245 1 4 |a The geological structure of New Zealand /  |c Jacobus T. Kingma. 
260 |a New York :  |b Wiley,  |c c1974. 
300 |a xvi, 407 p. :  |b ill., maps (1 col.) ;  |c 28 cm. 
440 0 |a Regional geology series 
500 |a "A Wiley-Interscience publication." 
500 |a One map on folded leaf in pocket. 
500 |a Includes index. 
504 |a Bibliography: p. 379-386. 
650 0 |a Geology  |z New Zealand. 
852 8 |b CARM  |h A2:AB11C0  |i D00516  |p 0035546  |f BK 
082 0 4 |a 559.31 
999 f f |i c81b386a-8577-5805-84ab-88bc3ef70b62  |s 4328e3c9-8f12-53d7-8f52-72b44854f404 
952 f f |p Can circulate  |a CAVAL  |b CAVAL  |c CAVAL  |d CARM 1 Store  |e D00516  |f A2:AB11C0  |h Other scheme  |i book  |m 0035546